[Event "FRA-chT3 Gr06 0607"]
[Site "France"]
[Date "2007.04.01"]
[Round "9.4"]
[White "Hydouin, Jean"]
[Black "Brenneur, Roger"]
[Result "1/2-1/2"]
[WhiteElo "2140"]
[BlackElo "1969"]
[PlyCount "82"]
[EventDate "2006.10.15"]
[EventType "team"]
[EventRounds "9"]
[EventCountry "FRA"]
[SourceTitle "EXT 2008"]
[Source "ChessBase"]
[SourceDate "2007.11.25"]
[SourceVersion "1"]
[SourceVersionDate "2007.11.25"]
[SourceQuality "1"]
[WhiteTeam "Vitre"]
[BlackTeam "Brest"]
[WhiteTeamCountry "FRA"]
[BlackTeamCountry "FRA"]

1. e4 c5 2. Nf3 d6 3. Nc3 Nf6 4. d4 cxd4 5. Nxd4 a6 6. Be2 e5 7. Nb3 Be6 8. 0-0 Be7 9. f4 Qc7 10. f5 Bc4 11. Re1 Bxe2 12. Qxe2 b5 13. Bg5 Nbd7 14. a3 Rc8 15. Rad1 Nb6 16. Bxf6 Bxf6 17. Qd3 Nc4 18. Rb1 Nxb2 19. Nxb5 Qb6+ 20. Qe3 Qxe3+ 21. Rxe3 Nc4 22. Na7 Rc7 23. Rc3 Kd7 24. Nc1 Nd2 25. Rxc7+ Kxc7 26. Rb4 Ra8 27. Kf2 Rxa7 28. Ke2 a5 29. Ra4 Kb6 30. Na2 Nb1 31. Kd3 Kb5 32. Rc4 Nxa3 33. Rc3 Ka4 34. Rb3 Nb5 35. Rb1 d5 36. Ra1 dxe4+ 37. Kxe4 Na3 38. Nc3+ Kb4 39. Nd5+ Ka4 40. Nc3+ Kb4 41. Nd5+ Ka4 1/2-1/2

[Event "FRA-chT3 Gr06 0607"]
[Site "France"]
[Date "2007.03.31"]
[Round "8.3"]
[White "Durrieu, Philippe"]
[Black "Brenneur, Roger"]
[Result "1-0"]
[WhiteElo "1971"]
[BlackElo "1969"]
[PlyCount "23"]
[EventDate "2006.10.15"]
[EventType "team"]
[EventRounds "9"]
[EventCountry "FRA"]
[SourceTitle "EXT 2008"]
[Source "ChessBase"]
[SourceDate "2007.11.25"]
[SourceVersion "1"]
[SourceVersionDate "2007.11.25"]
[SourceQuality "1"]
[WhiteTeam "St Hilaire Petitville"]
[BlackTeam "Brest"]
[WhiteTeamCountry "FRA"]
[BlackTeamCountry "FRA"]

1. d4 g6 2. c4 d6 3. g3 f5 4. Nf3 Nf6 5. Nc3 Bg7 6. Bg2 0-0 7. 0-0 c6 8. Qc2 Na6 9. a3 Qe8 10. d5 Bd7 11. Nd4 Nc7 12. dxc6 1-0

[Event "Rohde op 06th"]
[Site "Sautron"]
[Date "2006.10.29"]
[Round "2"]
[White "Brenneur, Roger"]
[Black "Touze, Jean Paul"]
[Result "1/2-1/2"]
[WhiteElo "1947"]
[BlackElo "2081"]
[PlyCount "85"]
[EventDate "2006.10.28"]
[EventType "swiss"]
[EventRounds "9"]
[EventCountry "FRA"]
[SourceTitle "EXT 2007"]
[Source "ChessBase"]
[SourceDate "2006.11.23"]
[SourceVersion "1"]
[SourceVersionDate "2006.11.23"]
[SourceQuality "1"]

1. Nf3 g6 2. g3 Bg7 3. Bg2 d5 4. 0-0 c5 5. d3 Nc6 6. Nbd2 Nf6 7. Re1 e5 8. e4 dxe4 9. Nxe4 Nxe4 10. dxe4 0-0 11. c3 Qc7 12. Be3 b6 13. Qc2 h6 14. h3 a5 15. Bf1 Be6 16. a4 Qe7 17. Nh4 Rad8 18. Rad1 Qc7 19. Rxd8 Rxd8 20. Rd1 Ne7 21. Nf3 f5 22. Rxd8+ Qxd8 23. Qd2 Qxd2 24. Nxd2 Kf7 25. f3 Nc8 26. Bc4 Nd6 27. Bxe6+ Kxe6 28. Kf2 Kd7 29. Ke2 Kc6 30. c4 g5 31. g4 fxe4 32. fxe4 Nf7 33. Nf3 Nd8 34. b3 Ne6 35. Ne1 Nd4+ 36. Bxd4 exd4 37. Nd3 Kd6 38. Kf3 Be5 39. Ke2 Ke6 40. Kf3 Bc7 41. Ke2 Kf6 42. Kf3 Be5 43. Ke2 1/2-1/2

[Event "FRA-chT3 Gr06 0607"]
[Site "France"]
[Date "2006.10.15"]
[Round "1.5"]
[White "Nineuil, Vincent"]
[Black "Brenneur, Roger"]
[Result "1-0"]
[WhiteElo "1870"]
[BlackElo "1947"]
[PlyCount "51"]
[EventDate "2006.10.15"]
[EventType "team"]
[EventRounds "9"]
[EventCountry "FRA"]
[SourceTitle "EXT 2008"]
[Source "ChessBase"]
[SourceDate "2007.11.25"]
[SourceVersion "1"]
[SourceVersionDate "2007.11.25"]
[SourceQuality "1"]
[WhiteTeam "Douarnenez"]
[BlackTeam "Brest"]
[WhiteTeamCountry "FRA"]
[BlackTeamCountry "FRA"]

1. e4 c5 2. Nf3 d6 3. d4 cxd4 4. Nxd4 Nf6 5. Nc3 a6 6. Be2 e5 7. Nb3 Be7 8. 0-0 Be6 9. f4 Qc7 10. f5 Bc4 11. Nd2 Bxe2 12. Qxe2 b5 13. a3 Nc6 14. Nb3 Na5 15. Nxa5 Qxa5 16. Be3 Rc8 17. Bf2 Rc4 18. a4 Qb4 19. axb5 Nxe4 20. bxa6 Nxf2 21. Qxf2 Rf4 22. Nd5 Rxf2 23. Nxb4 Rxf1+ 24. Kxf1 Kd7 25. Nd5 Kc6 26. Nxe7+ 1-0

[Event "Agneaux St Lo op"]
[Site "Agneaux"]
[Date "2003.07.12"]
[Round "4"]
[White "Kolar, Srecko"]
[Black "Brenneur, Roger"]
[Result "1-0"]
[WhiteElo "2202"]
[BlackElo "2024"]
[PlyCount "35"]
[EventDate "2003.07.09"]
[EventType "swiss"]
[EventRounds "9"]
[EventCountry "FRA"]
[SourceTitle "CBM 095 Extra"]
[Source "ChessBase"]
[SourceDate "2003.09.04"]
[SourceVersion "1"]
[SourceVersionDate "2003.09.04"]
[SourceQuality "1"]

1. e4 g6 2. d4 c6 3. Nc3 d6 4. Bc4 b5 5. Bb3 b4 6. Nce2 Nf6 7. Ng3 h5 8. f3 Bb7 9. c3 a5 10. Nh3 a4 11. Bc4 Qb6 12. 0-0 d5 13. Bd3 Ba6 14. e5 Bxd3 15. Qxd3 Nh7 16. e6 f5 17. Nf4 Rg8 18. Nxg6 1-0

[Event "Guingamp op 7th"]
[Site "Guingamp"]
[Date "2003.03.04"]
[Round "5"]
[White "Brenneur, Roger"]
[Black "Ragot, Nicolas"]
[Result "1/2-1/2"]
[WhiteElo "2020"]
[BlackElo "2103"]
[PlyCount "83"]
[EventDate "2003.03.02"]
[EventType "swiss"]
[EventRounds "9"]
[EventCountry "FRA"]
[SourceTitle "EXT 2004"]
[Source "ChessBase"]
[SourceDate "2003.11.25"]
[SourceVersion "1"]
[SourceVersionDate "2003.11.25"]
[SourceQuality "1"]

1. g3 g6 2. Bg2 Bg7 3. Nf3 d5 4. c4 e6 5. 0-0 Ne7 6. d4 0-0 7. e3 Nd7 8. Nc3 dxc4 9. Qe2 e5 10. dxe5 Nb6 11. a4 Qd3 12. a5 Qxe2 13. Nxe2 Nd7 14. Ra4 Nxe5 15. Nxe5 Bxe5 16. a6 b5 17. Rxc4 Rb8 18. Re4 Bd6 19. Rd1 Nf5 20. g4 Ng7 21. Rxd6 cxd6 22. Re7 Bxa6 23. Rxa7 Bc8 24. Nd4 Bxg4 25. b4 Be6 26. Nc6 Rb6 27. Bb2 d5 28. Ne7+ Kh8 29. Bd4 Rbb8 30. Nxd5 Bxd5 31. Bxd5 Kg8 32. Bc5 Rfd8 33. Bxf7+ Kh8 34. Bd4 Rxd4 35. exd4 Nf5 36. Bd5 Rd8 37. Ra8 Rxa8 38. Bxa8 Nxd4 39. Bg2 Kg7 40. Kf1 Kf6 41. Ke1 Ke5 42. Kd2 1/2-1/2

[Event "Guingamp op 7th"]
[Site "Guingamp"]
[Date "2003.03.03"]
[Round "3"]
[White "Brenneur, Roger"]
[Black "Toux, Stephane"]
[Result "1-0"]
[WhiteElo "2020"]
[BlackElo "1690"]
[PlyCount "85"]
[EventDate "2003.03.02"]
[EventType "swiss"]
[EventRounds "9"]
[EventCountry "FRA"]
[SourceTitle "EXT 2004"]
[Source "ChessBase"]
[SourceDate "2003.11.25"]
[SourceVersion "1"]
[SourceVersionDate "2003.11.25"]
[SourceQuality "1"]

1. Nf3 Nf6 2. g3 d5 3. Bg2 Bg4 4. 0-0 e6 5. d4 Bd6 6. c4 c6 7. b3 0-0 8. Bb2 Nbd7 9. Ne5 Qc7 10. Nxg4 Nxg4 11. e4 h5 12. cxd5 exd5 13. exd5 cxd5 14. Nc3 Ngf6 15. Nb5 Qb6 16. Nxd6 Qxd6 17. Qd2 Rfe8 18. Rfe1 b6 19. Rxe8+ Rxe8 20. Re1 Rxe1+ 21. Qxe1 Qe6 22. Qxe6 fxe6 23. f3 Kf7 24. h4 Ne8 25. Ba3 Nc7 26. Bf1 Kf6 27. Kf2 Kf7 28. Ke3 Kf6 29. Bd6 Ne8 30. Bb4 Nc7 31. a4 Kf7 32. Kf4 Kf6 33. Bc3 a6 34. Bd3 b5 35. Ba5 e5+ 36. dxe5+ Nxe5 37. Bc3 d4 38. Bxd4 Ne6+ 39. Ke4 Nxd4 40. Kxd4 bxa4 41. bxa4 Nxd3 42. Kxd3 Ke5 43. Kc4 1-0